<?xml version="1.0" encoding="UTF-8"?>
<record
    xmlns:xsi="http://www.w3.org/2001/XMLSchema-instance"
    xsi:schemaLocation="http://www.loc.gov/MARC21/slim http://www.loc.gov/standards/marcxml/schema/MARC21slim.xsd"
    xmlns="http://www.loc.gov/MARC21/slim">

  <leader>03910nam a2200541Ia 4500</leader>
  <controlfield tag="001">1602</controlfield>
  <controlfield tag="008">241029s9999    xx            000 0 und d</controlfield>
  <datafield tag="010" ind1=" " ind2=" ">
    <subfield code="a">1496</subfield>
  </datafield>
  <datafield tag="041" ind1=" " ind2=" ">
    <subfield code="a">Espa&#xF1;ol</subfield>
  </datafield>
  <datafield tag="082" ind1=" " ind2=" ">
    <subfield code="a">MAED 2000-14.</subfield>
  </datafield>
  <datafield tag="245" ind1=" " ind2="0">
    <subfield code="a">Nivel de Conocimiento y Actitudes de los Maestros / as del Distrito 06-04 de la Educaci&#xF3;n B&#xE1;sica de La Vega, con Respecto al SIDA</subfield>
  </datafield>
  <datafield tag="260" ind1=" " ind2=" ">
    <subfield code="a">La Vega</subfield>
  </datafield>
  <datafield tag="300" ind1=" " ind2=" ">
    <subfield code="a">88</subfield>
  </datafield>
  <datafield tag="520" ind1=" " ind2=" ">
    <subfield code="a">36</subfield>
  </datafield>
  <datafield tag="630" ind1=" " ind2=" ">
    <subfield code="a">Ense&#xF1;anza</subfield>
  </datafield>
  <datafield tag="630" ind1=" " ind2=" ">
    <subfield code="a">Formaci&#xF3;n Profesional de Maestros</subfield>
  </datafield>
  <datafield tag="630" ind1=" " ind2=" ">
    <subfield code="a">Salud Escolar</subfield>
  </datafield>
  <datafield tag="650" ind1=" " ind2=" ">
    <subfield code="a">Administraci&#xF3;n de la Educaci&#xF3;n</subfield>
  </datafield>
  <datafield tag="690" ind1=" " ind2=" ">
    <subfield code="a">Sintetizado</subfield>
  </datafield>
  <datafield tag="700" ind1=" " ind2=" ">
    <subfield code="e">asesor</subfield>
    <subfield code="a">No, Aplica</subfield>
  </datafield>
  <datafield tag="700" ind1=" " ind2=" ">
    <subfield code="e">autor</subfield>
    <subfield code="a"> Custodio Guerrero, Pedro </subfield>
  </datafield>
  <datafield tag="901" ind1=" " ind2=" ">
    <subfield code="a">{"1":" Custodio Guerrero"}</subfield>
    <subfield code="b">{"1":"Pedro "}</subfield>
  </datafield>
  <datafield tag="902" ind1=" " ind2=" ">
    <subfield code="a">1</subfield>
  </datafield>
  <datafield tag="903" ind1=" " ind2=" ">
    <subfield code="a">{"1":"No"}</subfield>
    <subfield code="b">{"1":"Aplica"}</subfield>
  </datafield>
  <datafield tag="904" ind1=" " ind2=" ">
    <subfield code="a">Maestr&#xED;a en</subfield>
  </datafield>
  <datafield tag="905" ind1=" " ind2=" ">
    <subfield code="a">Administraci&#xF3;n de la Educaci&#xF3;n</subfield>
  </datafield>
  <datafield tag="906" ind1=" " ind2=" ">
    <subfield code="a">2</subfield>
  </datafield>
  <datafield tag="907" ind1=" " ind2=" ">
    <subfield code="a">NO APLICA</subfield>
  </datafield>
  <datafield tag="908" ind1=" " ind2=" ">
    <subfield code="a">NO APLICA</subfield>
  </datafield>
  <datafield tag="909" ind1=" " ind2=" ">
    <subfield code="a">Pontificia Universidad Cat&#xF3;lica Madre y Maestra (PUCMM), Recinto Santiago</subfield>
  </datafield>
  <datafield tag="910" ind1=" " ind2=" ">
    <subfield code="a">NULL</subfield>
    <subfield code="b">NULL</subfield>
  </datafield>
  <datafield tag="911" ind1=" " ind2=" ">
    <subfield code="a">["1"]</subfield>
  </datafield>
  <datafield tag="912" ind1=" " ind2=" ">
    <subfield code="a">NO APLICA</subfield>
  </datafield>
  <datafield tag="913" ind1=" " ind2=" ">
    <subfield code="a">NULL</subfield>
  </datafield>
  <datafield tag="914" ind1=" " ind2=" ">
    <subfield code="a">01 de Febrero de 2000</subfield>
  </datafield>
  <datafield tag="915" ind1=" " ind2=" ">
    <subfield code="a">NULL</subfield>
  </datafield>
  <datafield tag="916" ind1=" " ind2=" ">
    <subfield code="a">NULL</subfield>
  </datafield>
  <datafield tag="917" ind1=" " ind2=" ">
    <subfield code="a">NULL</subfield>
  </datafield>
  <datafield tag="918" ind1=" " ind2=" ">
    <subfield code="a">NO APLICA</subfield>
  </datafield>
  <datafield tag="919" ind1=" " ind2=" ">
    <subfield code="a">["202","109","181"]</subfield>
  </datafield>
  <datafield tag="520" ind1=" " ind2=" ">
    <subfield code="a">La investigaci&#xF3;n cae dentro de la categor&#xED;a de estudios no experimentales, descriptivos y comparativos. El prop&#xF3;sito de la investigaci&#xF3;n es determinar los niveles de conocimientos y actitudes que los maestros(as) manifiestan con relaci&#xF3;n al SIDA. Se seleccionaron 79 Centros de la Educaci&#xF3;n B&#xE1;sica, del Distrito 04 de La Vega.El universo se limita a los maestros(as), el mismo fue de 459 maestros(as), de &#xE9;stos se eligi&#xF3; una muestra de 209 en forma aleatoria. Se us&#xF3; un cuestionario tipo encuesta de 44 &#xED;tems. Se evidencia que los maestros(as) manifiestan desconocimiento de las informaciones generales sobre SIDA. Se observan un porcentaje significativo de omisiones de respuestas, lo que se puede interpretar como desconocimiento o temor de dar alguna respuesta en relaci&#xF3;n al tema. Los maestros(as) casi siempre reciben la informaci&#xF3;n a trav&#xE9;s de los medios de comunicaci&#xF3;n, una minor&#xED;a a trav&#xE9;s de jornadas educativas desarrolladas con ese prop&#xF3;sito espec&#xED;fico.El nivel de conocimiento respecto a las formas de transmisi&#xF3;n es deficiente, de modo general; aunque conocen que las principales formas son por v&#xED;a sexual y el uso de jeringas contaminadas, sin embargo, a trav&#xE9;s de otras formas se observan omisiones y confusiones, lo que determina una actitud equivocada con respecto a otras formas de transmisi&#xF3;n. Sobre la prevenci&#xF3;n, el nivel de conocimientos es adecuado, sin embargo, los h&#xE1;bitos conductuales revelan que no siguen estas medidas de prevenci&#xF3;n; m&#xE1;s de la mitad de los encuestados masculinos manifiestan que tienen m&#xE1;s de una pareja sexual y un porcentaje significativo afirma no usar el cond&#xF3;n o preservativo regularmente en sus relaciones, lo que pone a esta poblaci&#xF3;n en riesgo de contagio del virus.Los maestros encuestados respondieron de esta forma: En cuanto a que si el SIDA es una enfermedad exclusiva de los homosexuales, 77.0% respondi&#xF3; afirmativo, 11.0% negativo, 8.1% no est&#xE1; seguro y 3.8% no respondi&#xF3;. Con respecto a que si una persona puede estar infectada con el virus y no tener SIDA, el 12.9% respondi&#xF3; afirmativo, el 25.3% negativo, 56.4% no est&#xE1; seguro y 5.2% no respondi&#xF3;. Con relaci&#xF3;n a si el virus ocasiona la muerte a quien lo posee, 79.9% respondi&#xF3; afirmativamente, 7.1% negativo, 8.6% no est&#xE1; seguro y 4.3% no respondi&#xF3;. Si una persona con el virus puede contagiar a otras si tiene relaciones sexuales &#xED;ntimas, 92.2% respondi&#xF3; afirmativo, 0.4% negativo, 2.8 inseguro y 3.3% no respondi&#xF3;.</subfield>
  </datafield>
  <datafield tag="921" ind1=" " ind2=" ">
    <subfield code="a">11</subfield>
  </datafield>
  <datafield tag="922" ind1=" " ind2=" ">
    <subfield code="a">11</subfield>
  </datafield>
  <datafield tag="923" ind1=" " ind2=" ">
    <subfield code="a">0</subfield>
  </datafield>
  <datafield tag="924" ind1=" " ind2=" ">
    <subfield code="a">NO APLICA</subfield>
  </datafield>
  <datafield tag="942" ind1=" " ind2=" ">
    <subfield code="c">Tesis</subfield>
  </datafield>
  <datafield tag="999" ind1=" " ind2=" ">
    <subfield code="c">1496</subfield>
    <subfield code="d">1496</subfield>
  </datafield>
</record>
